000 01488nam a2200277Ia 4500
999 _c42808
_d42808
001 9514
003 GE_BSU
005 20240611120155.0
008 181216s2014||||ge |||||||||||||| ||geo||
020 _a9789941215148
040 _cGE_BSU
041 _ageo
080 _a821.111-31 ბ–57
100 _aბერჯესი, ენტონი
_922390
245 _aმექანიკური ფორთოხალი ; 99 რომანი :
_b[რომანი] /
_cენტონი ბერჯესი ; [მთარგმნ. : გია ჭუმბურიძე, ეკატერინე სუმბათაშვილი ; წინათქმა ზვიად დოლიძე].
264 _aთბილისი :
_bპალიტრა L,
_c2014.
300 _a368 გვ. ;
_c22 სმ.
490 _aკიდევ 49 წიგნი, რომელიც უნდა წაიკითხო, სანამ ცოცხალი ხარ, 2298-0849 ;
_vწ. 22
541 _h7ლ.
653 _aმექანიკური ფორთოხალი
653 _aრომანი
700 _aჭუმბურიძე, გ. (გია)
_eმთარგმნელი
_922391
700 _aსუმბათაშვილი, ე. (ეკატერინე)
_eმთარგმნელი
_922392
700 _aდოლიძე, ზ. (ზვიად)
_eწინათქმა
_922393
942 _cBK
_2udc